[Event "Olomouc Chess Summer 2017 - open"]
[Site "Olomouc (CZE)"]
[Date "2017.08.17"]
[Round "7"]
[White "Kalinowska, Zuzanna"]
[Black "Vitak, Jiri"]
[Result "1-0"]
[WhiteElo "1896"]
[BlackElo "2086"]
[PlyCount "59"]
[EventDate "2017.??.??"]

1. d4 d5 2. Nf3 Nf6 3. c4 e6 4. Bg5 c6 5. cxd5 exd5 6. Qc2 Be7 7. Nc3 g6 8. e3
Bf5 9. Bd3 Bxd3 10. Qxd3 O-O 11. O-O Nbd7 12. Rab1 Re8 13. b4 Ne4 14. Bxe7 Qxe7
15. Na4 Nd6 16. Rfc1 f6 17. Nc5 Nb6 18. a4 a6 19. Re1 Kh8 20. Rb2 Nbc4 21. Rbe2
f5 22. Qb3 Ne4 23. Nd3 Qd6 24. Nfe5 Nxe5 25. Nxe5 Qf6 26. b5 axb5 27. axb5 Rec8
28. bxc6 bxc6 29. Qb7 Rab8 30. Qd7 1-0

[Event "Olomouc Chess Summer 2017 - open"]
[Site "Olomouc (CZE)"]
[Date "2017.08.17"]
[Round "7"]
[White "Navaratnam, Rohan Shan Tze"]
[Black "Zdrazil, Tomas"]
[Result "0-1"]
[WhiteElo "1701"]
[BlackElo "2078"]
[PlyCount "86"]
[EventDate "2017.??.??"]

1. d4 Nf6 2. Nf3 g6 3. g3 Bg7 4. Bg2 O-O 5. O-O d6 6. c4 Nbd7 7. Nc3 e5 8. Qc2
Re8 9. e4 c6 10. Rd1 Qb6 11. h3 exd4 12. Rxd4 Ne5 13. Be3 c5 14. Nd5 Nxd5 15.
Rxd5 Be6 16. Rdd1 Nxc4 17. Bc1 h6 18. Rb1 Red8 19. b3 Ne5 20. h4 Nxf3+ 21. Bxf3
Qc7 22. h5 g5 23. Bb2 Rac8 24. Bxg7 Kxg7 25. Qc3+ f6 26. Rb2 g4 27. Bg2 Qe7 28.
Qe3 Bf7 29. Qf4 Bxh5 30. Rd5 Bg6 31. Qxg4 c4 32. bxc4 Rxc4 33. f4 Kh7 34. Rh5
Bxh5 35. Qxh5 b6 36. Bh3 Qg7 37. Bf5+ Kh8 38. g4 Rc1+ 39. Kh2 d5 40. g5 fxg5
41. fxg5 Qxb2+ 42. Kg3 Qe5+ 43. Kf2 Qf4+ 0-1

[Event "Olomouc Chess Summer 2017 - open"]
[Site "Olomouc (CZE)"]
[Date "2017.08.17"]
[Round "7"]
[White "Stigar, Petter"]
[Black "Yanjinlkham, Bayarsaikhan"]
[Result "1-0"]
[WhiteElo "2236"]
[BlackElo "1988"]
[PlyCount "45"]
[EventDate "2017.??.??"]

1. d4 d5 2. c4 c6 3. e3 Nf6 4. Nc3 a6 5. Nf3 b5 6. c5 g6 7. Ne5 Bg7 8. Be2 Nfd7
9. f4 f6 10. Nf3 O-O 11. Qb3 Kh8 12. a4 Bb7 13. h4 e5 14. h5 gxh5 15. Rxh5 Re8
16. Qc2 e4 17. Nh4 Nf8 18. Nf5 b4 19. Nb1 a5 20. Nd2 Ba6 21. Nb3 Bc8 22. Nd6
Re6 23. Nf7+ 1-0

[Event "Olomouc Chess Summer 2017 - open"]
[Site "Olomouc (CZE)"]
[Date "2017.08.17"]
[Round "7"]
[White "Lakunza Plazaola, Asier"]
[Black "Dvorak, Martin"]
[Result "1-0"]
[WhiteElo "2006"]
[BlackElo "2197"]
[PlyCount "81"]
[EventDate "2017.??.??"]

1. d4 d5 2. c4 c6 3. Nf3 Nf6 4. Nc3 e6 5. Bg5 dxc4 6. e4 b5 7. e5 h6 8. Bh4 g5
9. Nxg5 hxg5 10. Bxg5 Nbd7 11. g3 Qb6 12. exf6 Bb7 13. Bg2 O-O-O 14. O-O c5 15.
d5 b4 16. Rb1 Qa6 17. dxe6 Bxg2 18. e7 Bxf1 19. Kxf1 Bxe7 20. fxe7 Rdg8 21. Ne4
Qc6 22. Nd6+ Kb8 23. Bf4 Ka8 24. h4 f6 25. Rc1 Nb6 26. Kg1 a5 27. e8=Q+ Rxe8
28. Nxe8 Rxe8 29. h5 Na4 30. h6 Nxb2 31. Qh5 Nd3 32. h7 Rh8 33. Rxc4 Ka7 34.
Be3 Ka6 35. Qf5 Rd8 36. Re4 Ne5 37. f4 Ng4 38. Qe6 Rd1+ 39. Kg2 Nxe3+ 40. Kf3
Rf1+ 41. Kxe3 1-0

[Event "Olomouc Chess Summer 2017 - open"]
[Site "Olomouc (CZE)"]
[Date "2017.08.17"]
[Round "7"]
[White "Szotkowski, David"]
[Black "Zvolanek, Libor"]
[Result "1-0"]
[WhiteElo "1883"]
[BlackElo "2167"]
[PlyCount "65"]
[EventDate "2017.??.??"]

1. d4 d6 2. c4 e5 3. dxe5 dxe5 4. Qxd8+ Kxd8 5. Nf3 f6 6. Nc3 Be6 7. b3 Nc6 8.
Bb2 Nh6 9. O-O-O+ Kc8 10. h3 Nf7 11. g4 a5 12. Bg2 a4 13. Nxa4 Bxc4 14. Nc3 Be6
15. Kb1 Be7 16. Nd2 Bd7 17. Nd5 Bd8 18. Ne4 Ne7 19. Nc5 Bc6 20. Ne6 Nxd5 21.
Bxd5 Bxd5 22. Rxd5 c6 23. Rd2 Ba5 24. Rd3 g6 25. Rhd1 Nd8 26. Nc5 h5 27. Nd7
hxg4 28. hxg4 Rh2 29. Rf3 Ne6 30. Rxf6 Nd4 31. Rf8+ Kxd7 32. Rxa8 Bb6 33. e3
1-0

[Event "Olomouc Chess Summer 2017 - seniors"]
[Site "Olomouc (CZE)"]
[Date "2017.08.17"]
[Round "7"]
[White "Trojan, Lubos"]
[Black "Stokes, Paul C"]
[Result "1-0"]
[WhiteElo "1989"]
[BlackElo "1871"]
[PlyCount "89"]
[EventDate "2017.??.??"]

1. d4 Nf6 2. g3 e6 3. Bg2 d5 4. Nf3 c5 5. c3 Nc6 6. Nbd2 cxd4 7. cxd4 Be7 8.
O-O O-O 9. Re1 Bd7 10. a3 a5 11. b3 Rc8 12. Bb2 b5 13. e3 Qb6 14. Ne5 Nxe5 15.
dxe5 Ne8 16. Rc1 Nc7 17. Qg4 f5 18. exf6 Bxf6 19. Bxf6 Rxf6 20. Qd4 Qxd4 21.
exd4 Na6 22. Rxc8+ Bxc8 23. Nf3 h6 24. Rc1 Bb7 25. Ne5 Rf8 26. Bh3 Re8 27. f4
Kf8 28. Bf1 b4 29. Bxa6 Bxa6 30. axb4 axb4 31. Rc6 Be2 32. Kf2 Bd1 33. Nd7+ Ke7
34. Nc5 Kf6 35. Rb6 g5 36. Rxb4 gxf4 37. gxf4 Kf5 38. Ke3 Rg8 39. Rb7 Rg2 40.
Rf7+ Kg6 41. Rf8 Rxh2 42. b4 Rb2 43. Rb8 Bb3 44. b5 Bc4 45. b6 1-0

[Event "Olomouc Chess Summer 2017 - seniors"]
[Site "Olomouc (CZE)"]
[Date "2017.08.17"]
[Round "7"]
[White "Heppell, Ian N"]
[Black "Spanton, Tim R"]
[Result "0-1"]
[WhiteElo "2062"]
[BlackElo "1836"]
[PlyCount "80"]
[EventDate "2017.??.??"]

1. e4 e5 2. Nf3 Nc6 3. d3 Nf6 4. Be2 Bc5 5. O-O d6 6. c3 a5 7. d4 Bb6 8. d5 Ne7
9. Na3 O-O 10. Qc2 c6 11. dxc6 bxc6 12. Nc4 Ba6 13. Bg5 Bxc4 14. Bxc4 Ng6 15.
Rad1 h6 16. Bc1 Qc7 17. Rfe1 Rad8 18. h3 Nh5 19. Bf1 Rfe8 20. c4 Re6 21. Be3
Bxe3 22. Rxe3 c5 23. Ra3 Ne7 24. Qd2 Nc6 25. g3 Kh7 26. Kh2 Ra8 27. Be2 g6 28.
Rd3 Rd8 29. Kg2 Nf6 30. Qe3 Nb4 31. R3d2 Nxa2 32. Nh2 Nb4 33. Ng4 Nxg4 34. hxg4
Kg7 35. Rh1 g5 36. f4 f6 37. Rdd1 Nc2 38. Qf2 Nd4 39. Bf3 Qb7 40. Rd2 Qb4 0-1

[Event "Olomouc Chess Summer 2017 - seniors"]
[Site "Olomouc (CZE)"]
[Date "2017.08.17"]
[Round "7"]
[White "Skielnik, Joseph J"]
[Black "Fiala, Jiri"]
[Result "1/2-1/2"]
[WhiteElo "1849"]
[BlackElo "1817"]
[PlyCount "55"]
[EventDate "2017.??.??"]

1. d4 Nf6 2. Bf4 g6 3. e3 Bg7 4. Nf3 O-O 5. Be2 d6 6. h3 b6 7. O-O Bb7 8. c4
Nbd7 9. Nc3 Re8 10. Bh2 Ne4 11. Nxe4 Bxe4 12. Nd2 Bb7 13. Bf3 Bxf3 14. Nxf3 e5
15. Qc2 Qe7 16. Rad1 e4 17. Nd2 f5 18. Nb3 a5 19. a4 Rac8 20. Nc1 h5 21. Ne2
Kh7 22. Nf4 Qf7 23. Nd5 c6 24. Nc3 d5 25. cxd5 cxd5 26. Qb3 Rc4 27. Nb5 Bf8 28.
Bd6 1/2-1/2

[Event "Olomouc Chess Summer 2017 - seniors"]
[Site "Olomouc (CZE)"]
[Date "2017.08.17"]
[Round "7"]
[White "Oral, Josef"]
[Black "Vlkovic, Pavol"]
[Result "1/2-1/2"]
[WhiteElo "1827"]
[BlackElo "1806"]
[PlyCount "125"]
[EventDate "2017.??.??"]

1. e4 Nf6 2. Nc3 d6 3. d4 Nbd7 4. f4 e5 5. dxe5 dxe5 6. fxe5 Nxe5 7. Qxd8+ Kxd8
8. Bf4 Bd6 9. O-O-O Ke7 10. Bg5 Be6 11. Be2 Rhd8 12. h3 h6 13. Nd5+ Bxd5 14.
Bxf6+ Kxf6 15. exd5 Ke7 16. Nf3 Ng6 17. Bc4 Kf8 18. Rhf1 Re8 19. Kb1 Nf4 20.
Nh4 Ne2 21. Nf5 Bc5 22. c3 Re5 23. Kc2 g6 24. Nxh6 f5 25. Ng4 Re7 26. Nh2 Ng3
27. Rf3 Bd6 28. Nf1 Ne4 29. Bd3 Kg7 30. b4 a5 31. b5 a4 32. Bxe4 Rxe4 33. Nd2
Re2 34. g4 fxg4 35. hxg4 Rg2 36. Rdf1 Rxg4 37. Kd3 Re8 38. Nc4 Bc5 39. Rf7+ Kh6
40. R1f3 Rd8 41. Ne3 Bxe3 42. Kxe3 Rxd5 43. Rxc7 Rxb5 44. Rff7 Rg2 45. Rh7+ Kg5
46. Rxb7 Rxb7 47. Rxb7 Rxa2 48. Ra7 Kg4 49. c4 a3 50. c5 g5 51. Kd4 Ra1 52. Kd5
a2 53. Kc6 Kh4 54. Kc7 g4 55. c6 g3 56. Kc8 Kh3 57. Rh7+ Kg2 58. Ra7 Kg1 59. c7
g2 60. Kd8 Rd1+ 61. Ke7 Re1+ 62. Kd8 Rd1+ 63. Ke7 1/2-1/2

[Event "Olomouc Chess Summer 2017 - seniors"]
[Site "Olomouc (CZE)"]
[Date "2017.08.17"]
[Round "7"]
[White "Zdrazil, Bohumir"]
[Black "Klimina, Nina"]
[Result "1-0"]
[WhiteElo "1869"]
[BlackElo "1589"]
[PlyCount "87"]
[EventDate "2017.??.??"]

1. d4 f5 2. g3 d5 3. Bg2 Nf6 4. Nf3 e6 5. b3 c5 6. Ba3 Ne4 7. O-O b5 8. dxc5
Qf6 9. c3 Bxc5 10. Bxc5 Nxc5 11. Qd4 Nbd7 12. Nbd2 O-O 13. Rac1 Bb7 14. Qxf6
Nxf6 15. Nd4 Rac8 16. Nxb5 e5 17. Nd6 Rc7 18. Nxf5 Rd7 19. Ne3 a5 20. Nf3 e4
21. Nd4 g6 22. Bh3 Re7 23. c4 Ncd7 24. Be6+ Kh8 25. cxd5 Rfe8 26. Rc7 Nb6 27.
Rxe7 Rxe7 28. d6 Rg7 29. Rc1 Ne8 30. Rc5 Nxd6 31. Rxa5 h5 32. Rc5 Nd7 33. Rc7
Nf6 34. Rxg7 Kxg7 35. h4 Ba6 36. Kf1 Nb7 37. Bc4 Nc5 38. Ne6+ Nxe6 39. Bxa6 Kf7
40. Bb7 Ke7 41. Nd5+ Nxd5 42. Bxd5 Nc5 43. b4 Kd6 44. Bf7 1-0

[Event "Olomouc Chess Summer 2017 - GM"]
[Site "Olomouc (CZE)"]
[Date "2017.08.19"]
[Round "11.1"]
[White "Rosner 2405, Jonas"]
[Black "Camarena Gimenez 2363, Rufino"]
[Result "1-0"]
[WhiteElo "2405"]
[BlackElo "2363"]
[PlyCount "41"]
[EventDate "2017.??.??"]
[TimeControl "6000+1965"]
[WhiteClock "1:06:29"]
[BlackClock "0:25:34"]

1. e4 e6 2. d4 d5 3. Nc3 Nf6 4. e5 Nfd7 5. f4 c5 6. Nf3 Nc6 7. Be3 Be7 8. Qd2
O-O 9. dxc5 Bxc5 10. O-O-O Qa5 11. a3 Be7 12. h4 Rb8 13. Bd3 b5 14. Bxh7+ Kh8
15. Ng5 b4 16. Qe2 g6 17. Bxg6 fxg6 18. h5 bxa3 19. hxg6+ Kg8 20. Rh8+ Kg7 21.
Nxe6+ 1-0

[Event "Olomouc Chess Summer 2017 - GM"]
[Site "Olomouc (CZE)"]
[Date "2017.08.19"]
[Round "11.2"]
[White "Torma 2492, Robert"]
[Black "Domogaev 2400, Sergey"]
[Result "0-1"]
[WhiteElo "2492"]
[BlackElo "2400"]
[PlyCount "120"]
[EventDate "2017.??.??"]
[TimeControl "6000+1105"]
[WhiteClock "0:05:45"]
[BlackClock "0:57:15"]

1. d4 Nf6 2. c4 g6 3. g3 Bg7 4. Bg2 O-O 5. Nc3 d6 6. Nf3 Nc6 7. O-O a6 8. d5
Na5 9. b3 c5 10. dxc6 Nxc6 11. Bb2 Bg4 12. Qc1 Qa5 13. Rd1 Be6 14. Qd2 Rac8 15.
Nd5 Qxd2 16. Nxd2 Bxd5 17. cxd5 Nb4 18. Nc4 b5 19. Ne3 Nc2 20. Nxc2 Rxc2 21.
Bd4 Ng4 22. Bxg7 Kxg7 23. a4 Rfc8 24. axb5 axb5 25. Bh3 f5 26. Bxg4 fxg4 27.
Rd4 Rxe2 28. Rxg4 Rf8 29. Ra7 h5 30. Rb4 Rexf2 31. Rxe7+ Kh6 32. Rf4 R8xf4 33.
gxf4 Rd2 34. Rd7 Rxd5 35. Kf2 g5 36. Ke3 Kg6 37. Ke4 Rd2 38. Ke3 Rd1 39. fxg5
Kxg5 40. Rb7 Rd5 41. Ke4 Rc5 42. Rb6 Kg4 43. Rxd6 Rc3 44. Rg6+ Kh4 45. b4 Rb3
46. Rd6 Rxb4+ 47. Kf3 Kh3 48. Rd2 h4 49. Re2 Rc4 50. Rd2 Rb4 51. Re2 Rb1 52.
Kf4 b4 53. Re3+ Kxh2 54. Kg4 Kg2 55. Re2+ Kf1 56. Rh2 Rd1 57. Kxh4 Ke1 58. Kg4
Rd3 59. Kf4 Kd1 60. Ke4 Rg3 0-1

[Event "Olomouc Chess Summer 2017 - GM"]
[Site "Olomouc (CZE)"]
[Date "2017.08.19"]
[Round "11.4"]
[White "Koksal 2360, Ege"]
[Black "Neuman 2457, Petr"]
[Result "1/2-1/2"]
[WhiteElo "2360"]
[BlackElo "2457"]
[PlyCount "43"]
[EventDate "2017.??.??"]
[TimeControl "5400+945"]
[WhiteClock "1:01:39"]
[BlackClock "0:49:37"]

1. d4 Nf6 2. c4 g6 3. Nc3 Bg7 4. e4 d6 5. Be2 O-O 6. Nf3 e5 7. Be3 Na6 8. O-O
Qe8 9. dxe5 Ng4 10. Bg5 dxe5 11. h3 h6 12. Bd2 Nf6 13. Be3 Qe7 14. Nd5 Qd8 15.
Qc2 Nd7 16. a3 f5 17. Rad1 c6 18. Nc3 f4 19. Bc1 Qe7 20. b4 Nc7 21. c5 Ne8 22.
Na4 1/2-1/2

[Event "Olomouc Chess Summer 2017 - GM"]
[Site "Olomouc (CZE)"]
[Date "2017.08.19"]
[Round "11.5"]
[White "Yagupov 2395, Igor"]
[Black "Pulpan 2390, Jakub"]
[Result "1/2-1/2"]
[WhiteElo "2395"]
[BlackElo "2390"]
[PlyCount "48"]
[EventDate "2017.??.??"]
[TimeControl "6000+1110"]
[WhiteClock "0:26:44"]
[BlackClock "0:59:13"]

1. e4 c5 2. Nf3 d6 3. d4 cxd4 4. Nxd4 Nf6 5. Nc3 a6 6. f3 e5 7. Nb3 Be6 8. Be3
h5 9. Qd2 Nbd7 10. Nd5 Bxd5 11. exd5 g6 12. Be2 Bg7 13. O-O b6 14. f4 Ne4 15.
Qb4 f5 16. fxe5 dxe5 17. Rad1 a5 18. Qb5 O-O 19. d6 Rc8 20. Bc4+ Kh7 21. Be6
Nef6 22. c4 Re8 23. Bf7 Rf8 24. Be6 Re8 1/2-1/2

[Event "Olomouc Chess Summer 2017 - IM 1"]
[Site "Olomouc (CZE)"]
[Date "2017.08.19"]
[Round "9.1"]
[White "Szotkowski 2374, Jakub"]
[Black "Mukashev 2199, Assan"]
[Result "1/2-1/2"]
[WhiteElo "2374"]
[BlackElo "2199"]
[PlyCount "33"]
[EventDate "2017.??.??"]
[TimeControl "6000+545"]
[WhiteClock "0:52:39"]
[BlackClock "1:20:02"]

1. d4 Nf6 2. c4 c6 3. Nf3 d5 4. e3 g6 5. Nc3 Bg7 6. Bd2 O-O 7. Rc1 a6 8. a4
Nbd7 9. cxd5 cxd5 10. Bd3 b6 11. O-O Bb7 12. Qe2 Ne4 13. Na2 Nxd2 14. Qxd2 e5
15. dxe5 Nxe5 16. Nxe5 Bxe5 17. Nb4 1/2-1/2

[Event "Olomouc Chess Summer 2017 - IM 1"]
[Site "Olomouc (CZE)"]
[Date "2017.08.19"]
[Round "9.4"]
[White "Brhel 2113, Jan"]
[Black "Chetverik 2250, Maxim"]
[Result "0-1"]
[WhiteElo "2113"]
[BlackElo "2250"]
[PlyCount "70"]
[EventDate "2017.??.??"]
[TimeControl "6000+1030"]
[WhiteClock "0:47:48"]
[BlackClock "0:08:06"]

1. d4 f5 2. e4 fxe4 3. Nc3 Nf6 4. Bg5 c6 5. f3 d5 6. Bxf6 exf6 7. fxe4 dxe4 8.
Nxe4 Be6 9. Qe2 Qd7 10. O-O-O Na6 11. Re1 Nc7 12. Qh5+ Qf7 13. Qa5 b6 14. Qa4
Qd7 15. Bc4 Be7 16. Bxe6 Nxe6 17. Nf3 O-O-O 18. d5 cxd5 19. Qxd7+ Kxd7 20. Nc3
Bb4 21. Rd1 Bxc3 22. Rxd5+ Kc6 23. Rxd8 Rxd8 24. bxc3 Rd5 25. Re1 Kd6 26. Re4
f5 27. Rh4 h6 28. Nd4 Ng5 29. g4 f4 30. Nf5+ Ke5 31. Nxg7 f3 32. Nf5 f2 33. Ng3
Rd6 34. Rh5 Kf4 35. h4 Kxg3 0-1

[Event "Olomouc Chess Summer 2017 - IM 2"]
[Site "Olomouc (CZE)"]
[Date "2017.08.19"]
[Round "9.1"]
[White "Nitish 2269, Belurkar"]
[Black "Burnett 2209, Andrew"]
[Result "1-0"]
[WhiteElo "2269"]
[BlackElo "2209"]
[PlyCount "135"]
[EventDate "2017.??.??"]
[TimeControl "6000+990"]
[WhiteClock "0:32:40"]
[BlackClock "0:19:40"]

1. e4 c5 2. c3 d5 3. exd5 Qxd5 4. d4 Nc6 5. Nf3 Bf5 6. Be3 cxd4 7. Nxd4 Nf6 8.
Qb3 Nxd4 9. Bxd4 e5 10. Bb5+ Bd7 11. Bxd7+ Kxd7 12. Be3 Qxg2 13. Rf1 Qd5 14. c4
Qc6 15. Nc3 Rc8 16. O-O-O+ Ke8 17. Kb1 Qxc4 18. Qxb7 Bb4 19. Nb5 Qe4+ 20. Qxe4
Nxe4 21. Nxa7 Rc7 22. Rd5 Rxa7 23. Rfd1 Rb7 24. Rxe5+ Re7 25. Rb5 Bd6 26. Rxd6
Nxd6 27. Rb8+ Kd7 28. Rxh8 Nf5 29. Rxh7 Nxe3 30. fxe3 f5 31. h4 Rxe3 32. Rxg7+
Ke6 33. h5 f4 34. Rg8 Kd5 35. Rf8 Ke4 36. a4 Rh3 37. Kc2 f3 38. a5 Rh2+ 39. Kc3
f2 40. a6 Rh3+ 41. Kb4 Rf3 42. Rxf3 Kxf3 43. a7 f1=Q 44. a8=Q+ Kg4 45. Qd5 Qe1+
46. Kb5 Qe8+ 47. Ka5 Qe1+ 48. b4 Qc3 49. Kb5 Qf6 50. Kc5 Qe7+ 51. Kc4 Qe2+ 52.
Kd4 Qf2+ 53. Kc3 Qe1+ 54. Kb3 Qb1+ 55. Ka4 Qa1+ 56. Kb5 Qf6 57. Qd1+ Kg5 58.
Ka5 Qc3 59. Qd5+ Kg4 60. h6 Qc7+ 61. Kb5 Qb8+ 62. Kc4 Qc7+ 63. Kb3 Qe7 64. Qc4+
Kf3 65. Qd3+ Kf2 66. h7 Qf7+ 67. Kb2 Qg7+ 68. Qc3 1-0

[Event "Olomouc Chess Summer 2017 - IM 2"]
[Site "Olomouc (CZE)"]
[Date "2017.08.19"]
[Round "9.2"]
[White "Pranav 2155, Anand"]
[Black "Olsarova 2283, Karolina"]
[Result "0-1"]
[WhiteElo "2155"]
[BlackElo "2283"]
[PlyCount "102"]
[EventDate "2017.??.??"]
[TimeControl "6000+1090"]
[WhiteClock "0:12:26"]
[BlackClock "0:37:08"]

1. e4 e5 2. Nf3 Nc6 3. Bb5 a6 4. Ba4 Nf6 5. O-O Nxe4 6. d4 b5 7. Bb3 d5 8. dxe5
Be6 9. c3 Bc5 10. Nbd2 O-O 11. Bc2 Nxf2 12. Rxf2 f6 13. exf6 Bxf2+ 14. Kxf2
Qxf6 15. Nf1 Ne5 16. Kg1 Nxf3+ 17. Qxf3 Qxf3 18. gxf3 Rxf3 19. Bd1 Rf6 20. Ng3
Bh3 21. Bg5 Re6 22. Bf3 c6 23. Bg2 Bxg2 24. Kxg2 Rae8 25. Rf1 Rg6 26. Bd2 Re5
27. Rf2 h5 28. Kh3 Rge6 29. Bf4 Re1 30. Nxh5 R6e2 31. Kg2 a5 32. Bd6 Rxf2+ 33.
Kxf2 Rb1 34. Ke3 Rxb2 35. a3 g6 36. Nf4 Rxh2 37. Kd4 g5 38. Ng6 Rh6 39. Ne7+
Kf7 40. Kc5 d4 41. cxd4 b4 42. axb4 axb4 43. Nxc6 b3 44. Ne5+ Kg8 45. Nc4 Rxd6
46. Kxd6 g4 47. Kc7 g3 48. d5 g2 49. d6 g1=Q 50. d7 Qc5+ 51. Kb7 Qd5+ 0-1

[Event "Olomouc Chess Summer 2017 - IM 2"]
[Site "Olomouc (CZE)"]
[Date "2017.08.19"]
[Round "9.4"]
[White "Mammadova 2277, Narmin"]
[Black "Jurek 2274, Josef"]
[Result "1/2-1/2"]
[WhiteElo "2277"]
[BlackElo "2274"]
[PlyCount "89"]
[EventDate "2017.??.??"]
[TimeControl "6000+985"]
[WhiteClock "0:16:08"]
[BlackClock "0:35:05"]

1. e4 e6 2. d4 d5 3. e5 c5 4. c3 Nc6 5. Nf3 Bd7 6. Na3 cxd4 7. cxd4 Bxa3 8.
bxa3 Qa5+ 9. Bd2 Qxa3 10. Rb1 Rb8 11. Qc2 Nh6 12. Rb3 Qe7 13. Qb2 Nf5 14. Bb5
Qd8 15. O-O O-O 16. Bg5 Qe8 17. Bd3 Na5 18. Rc3 Nc4 19. Qe2 b5 20. Bf4 b4 21.
Rcc1 Bb5 22. g4 Ne7 23. Bxh7+ Kxh7 24. Ng5+ Kg8 25. Qd3 f5 26. exf6 Qg6 27. f7+
Kh8 28. Qxg6 Nxg6 29. Bxb8 Rxb8 30. Rfe1 Nf4 31. Nxe6 Nxe6 32. Rxe6 Rf8 33. Re7
a5 34. Rce1 g6 35. Rb7 Ba4 36. Kg2 Kg7 37. Ree7 Nd6 38. Rbc7 Bb5 39. Re6 Nc4
40. Rb7 Ba4 41. Ree7 Nd6 42. Rbc7 Bb5 43. Re6 Nc4 44. Rb7 Ba4 45. Ree7 1/2-1/2

[Event "Olomouc Chess Summer 2017 - IM 2"]
[Site "Olomouc (CZE)"]
[Date "2017.08.19"]
[Round "9.5"]
[White "Leeb 2207, Simon"]
[Black "Galyas 2486, Miklos"]
[Result "0-1"]
[WhiteElo "2207"]
[BlackElo "2486"]
[PlyCount "60"]
[EventDate "2017.??.??"]
[TimeControl "6000+890"]
[WhiteClock "0:18:51"]
[BlackClock "0:20:06"]

1. c4 f5 2. Nc3 Nf6 3. g3 g6 4. Bg2 Bg7 5. d4 O-O 6. Nh3 d6 7. d5 c6 8. O-O e5
9. dxe6 Bxe6 10. Qd3 Na6 11. Bf4 d5 12. cxd5 Nb4 13. Qe3 Bxd5 14. Nxd5 Nbxd5
15. Bxd5+ Nxd5 16. Qe6+ Kh8 17. e4 fxe4 18. Qxe4 Qd7 19. Qg2 Bxb2 20. Rad1 Bg7
21. Be3 Qf5 22. Nf4 Nxe3 23. fxe3 Rae8 24. Rb1 Qe5 25. Rxb7 Qxe3+ 26. Kh1 g5
27. Nh3 Rxf1+ 28. Qxf1 Rf8 29. Qg2 Qe1+ 30. Ng1 Bd4 0-1

[Event "Olomouc Chess Summer 2017 - open"]
[Site "Olomouc (CZE)"]
[Date "2017.08.19"]
[Round "9.1"]
[White "Lushnikov 2121, Evgeny"]
[Black "Nasanjargal 2419, Urtnasan"]
[Result "0-1"]
[WhiteElo "2121"]
[BlackElo "2419"]
[PlyCount "70"]
[EventDate "2017.??.??"]
[TimeControl "5400+640"]
[WhiteClock "0:45:46"]
[BlackClock "0:37:17"]

1. e4 c5 2. Nf3 e6 3. d4 cxd4 4. Nxd4 Nf6 5. Bd3 Nc6 6. Nxc6 dxc6 7. O-O e5 8.
Nd2 Be6 9. Qe2 Be7 10. Nc4 Nd7 11. Kh1 O-O 12. f4 exf4 13. Bxf4 Nc5 14. Rad1
Nxd3 15. cxd3 Bc5 16. a3 Bd4 17. b4 b5 18. Ne5 Rc8 19. Nf3 Bg4 20. h3 Bxf3 21.
Rxf3 c5 22. bxc5 Rxc5 23. Be3 a5 24. Rdf1 b4 25. axb4 axb4 26. Qa2 Rc7 27. Qb3
Bxe3 28. Rxe3 Qd4 29. Ref3 g6 30. e5 Rc3 31. Qb1 b3 32. e6 f5 33. Rf4 Qd5 34.
e7 Re8 35. Rb4 Rxd3 0-1

[Event "Olomouc Chess Summer 2017 - open"]
[Site "Olomouc (CZE)"]
[Date "2017.08.19"]
[Round "9.2"]
[White "Kusenkova 2088, Natallia"]
[Black "Mitchell 2228, Martin"]
[Result "1/2-1/2"]
[WhiteElo "2088"]
[BlackElo "2228"]
[PlyCount "54"]
[EventDate "2017.??.??"]
[TimeControl "6000+1095"]
[WhiteClock "0:19:22"]
[BlackClock "0:18:57"]

1. d4 Nf6 2. Nf3 e6 3. c4 c5 4. d5 exd5 5. cxd5 d6 6. Nc3 g6 7. e4 Bg7 8. h3
O-O 9. Bd3 Nh5 10. O-O Nd7 11. Bg5 Bf6 12. Be3 Re8 13. g4 Ng7 14. Kg2 Ne5 15.
Nxe5 Bxe5 16. Re1 f5 17. exf5 gxf5 18. f4 Bxc3 19. bxc3 c4 20. Bc2 fxg4 21.
hxg4 Qf6 22. Rc1 Bd7 23. Qf3 Qh4 24. Rh1 Qxg4+ 25. Qxg4 Bxg4 26. Bxh7+ Kf7 27.
Kf2 Nf5 1/2-1/2

[Event "Olomouc Chess Summer 2017 - open"]
[Site "Olomouc (CZE)"]
[Date "2017.08.19"]
[Round "9.3"]
[White "Houska 2202, Jiri"]
[Black "Zaehringer 2015, Daniel"]
[Result "1-0"]
[WhiteElo "2202"]
[BlackElo "2015"]
[PlyCount "71"]
[EventDate "2017.??.??"]
[TimeControl "6000+1210"]
[WhiteClock "0:11:28"]
[BlackClock "0:33:26"]

1. d4 d5 2. c4 e6 3. Nc3 c6 4. Nf3 Nf6 5. Bg5 dxc4 6. e4 b5 7. e5 h6 8. Bh4 g5
9. Nxg5 hxg5 10. Bxg5 Nbd7 11. g3 Qb6 12. exf6 Bb7 13. Bg2 O-O-O 14. O-O Ne5
15. dxe5 Rxd1 16. Raxd1 b4 17. Ne4 c5 18. Nd6+ Bxd6 19. Rxd6 Qb5 20. Bxb7+ Qxb7
21. Rfd1 a5 22. Be3 Qb5 23. h4 a4 24. a3 c3 25. bxc3 b3 26. c4 Qxc4 27. Rc1 Qe4
28. Rxc5+ Kb7 29. Rd4 Qf3 30. Kh2 Ka6 31. Rxa4+ Kb7 32. Rb4+ Ka6 33. Ra4+ Kb7
34. Rf4 b2 35. Rxf3 b1=Q 36. Rf4 1-0

[Event "Olomouc Chess Summer 2017 - open"]
[Site "Olomouc (CZE)"]
[Date "2017.08.19"]
[Round "9.4"]
[White "Zdrazil 1892, Jan"]
[Black "Kula 2153, Dominik"]
[Result "0-1"]
[WhiteElo "1892"]
[BlackElo "2153"]
[PlyCount "114"]
[EventDate "2017.??.??"]
[TimeControl "6000+825"]
[WhiteClock "0:08:16"]
[BlackClock "0:40:41"]

1. e4 c5 2. Nf3 d6 3. d4 cxd4 4. Nxd4 Nf6 5. Nc3 a6 6. Bg5 Nbd7 7. f4 Qc7 8.
Qf3 h6 9. Bh4 g5 10. fxg5 hxg5 11. Bxg5 Qc5 12. Be3 Ne5 13. Qe2 Neg4 14. Bg1
Bh6 15. Qc4 Be3 16. Qxc5 dxc5 17. Nb3 b6 18. Bxe3 Nxe3 19. Kd2 Nxf1+ 20. Raxf1
Bb7 21. Rf4 O-O-O+ 22. Ke3 Rhg8 23. g3 Ng4+ 24. Ke2 Ne5 25. Rd1 Rdf8 26. Nd5
Bxd5 27. exd5 Rg6 28. Re4 f6 29. Kf2 Rh8 30. Rh1 Kd7 31. Re2 Kd6 32. Rd2 Rh5
33. c3 Nc4 34. Re2 Rxd5 35. Rhe1 Ne5 36. Kg2 b5 37. Nd2 Rd3 38. Ne4+ Kc6 39.
Re3 Rd8 40. R3e2 Rh8 41. Rd2 Rgh6 42. h4 Rg8 43. Kf2 Rg4 44. Ree2 c4 45. Rd8
Nd3+ 46. Kf3 Ne5+ 47. Kf2 f5 48. Ng5 Nd3+ 49. Kf3 e5 50. Nf7 Re6 51. h5 e4+ 52.
Ke3 Re7 53. Nh6 Rxg3+ 54. Kd4 Rg5 55. Rf8 Nf4 56. Rf6+ Kb7 57. Re1 Rd7+ 0-1

[Event "Olomouc Chess Summer 2017 - open"]
[Site "Olomouc (CZE)"]
[Date "2017.08.19"]
[Round "9.5"]
[White "Hoerr 2196, Matthias"]
[Black "Schmid 2127, Thomas"]
[Result "1-0"]
[WhiteElo "2196"]
[BlackElo "2127"]
[PlyCount "57"]
[EventDate "2017.??.??"]
[TimeControl "6000+900"]
[WhiteClock "0:12:16"]
[BlackClock "0:03:02"]

1. e4 c5 2. Nc3 d6 3. Nge2 Nf6 4. d4 cxd4 5. Nxd4 a6 6. Be3 e5 7. Nb3 Be6 8.
Qd2 Be7 9. f4 b5 10. O-O-O Nbd7 11. h3 O-O 12. g4 exf4 13. Bxf4 Ne5 14. Qh2
Nfd7 15. Kb1 Qc7 16. Nd4 Rfc8 17. Nf5 Bf8 18. Nd5 Bxd5 19. exd5 Re8 20. g5 Nb6
21. Qg2 Rac8 22. Bd3 Nbc4 23. Bc1 b4 24. h4 a5 25. h5 a4 26. g6 fxg6 27. hxg6
Nxg6 28. Rxh7 Kxh7 29. Rh1+ 1-0